• 首页
  • 本馆介绍
  • 公告通知
  • 最新文献
  • 馆藏检索
  • 电子资源
  • 读者导购
  • 参考咨询
  • 我的图书馆
  • 登录
  • 详细信息显示
  • 放入我的书架
  • 预约/预借图书
  • 作者相关作品
  • 分类相关作品
  • 丛书相关作品
  • 出版社相关作品

书目信息

  • 表格格式
  • 工作单格式
  • 卡片格式
题名:
中国五十六个民族声乐教材
    
 
作者: 李小峰 著
分册:  
出版信息: 北京   中央民族大学出版社  2010.09
页数: 339页
开本: 24cm
丛书名:
单 册:
中图分类: J642.21
科图分类:
主题词: 音乐--作品--中国
电子资源:
ISBN:
000 00567nam0 2200169 450
001 202411089131972896
005 20241108111341.27
100    @a20241108d km y0chiy0120 ea
101 0  @achi
200 1  @a中国五十六个民族声乐教材@AZhong Guo Wu Shi Liu Ge Min Zu Sheng Yue Jiao Cai@f李小峰著@FLi Xiao Feng Zhu
210    @a北京@c中央民族大学出版社@d2010.09
215    @a339页@d24cm
606 0  @a音乐@x作品@x中国
690    @aJ642.21@v4
701  0 @a李小峰@ALi Xiao Feng@4著
801  0 @aCN@b大连网信软件有限公司图书馆·11@c20241108
905    @aZUCC@b1409787@dJ642.21@e362@f1
    
    中国五十六个民族声乐教材/李小峰著.-北京:中央民族大学出版社,2010.09
    339页;24cm
    
    
    ISBN :
    
●
相关链接 在E读中查询图书 在五车中查询图书 在当当中查询图书 在豆瓣中查询图书


正题名:中国五十六个民族声乐教材     索取号:J642.21/362         预约/预借

序号 登录号 条形码 馆藏地/架位号 状态 备注
1 1409787   214097877   密集书库-音乐系/ [索取号:J642.21/362] 在馆    
唐山师范学院图书馆 欢迎您!
大连网信软件有限公司© 版权所有